Digital design with CPLD applications and VHDL/ (Record no. 9900)

MARC details
000 -LEADER
fixed length control field 00548nam a22001817a 4500
003 - CONTROL NUMBER IDENTIFIER
control field OSt
005 - DATE AND TIME OF LATEST TRANSACTION
control field 20260427030400.0
008 - FIXED-LENGTH DATA ELEMENTS--GENERAL INFORMATION
fixed length control field 260427b |||||||| |||| 00| 0 eng d
020 ## - INTERNATIONAL STANDARD BOOK NUMBER
International Standard Book Number 981-240-586-0
040 ## - CATALOGING SOURCE
Original cataloging agency DWCL-Main lib.
Transcribing agency OC
082 ## - DEWEY DECIMAL CLASSIFICATION NUMBER
Classification number Circ. 621.3819 D868d 2001
100 ## - MAIN ENTRY--PERSONAL NAME
Personal name Duek, Robert K.
245 ## - TITLE STATEMENT
Title Digital design with CPLD applications and VHDL/
Statement of responsibility, etc. Robert K. Duek
260 ## - PUBLICATION, DISTRIBUTION, ETC.
Place of publication, distribution, etc. Philippines :
Name of publisher, distributor, etc. Thomson Learning,
Date of publication, distribution, etc. c2001
300 ## - PHYSICAL DESCRIPTION
Extent xiv 846 pages ;
Dimensions 24 cm.
504 ## - BIBLIOGRAPHY, ETC. NOTE
Bibliography, etc. note Include index.
942 ## - ADDED ENTRY ELEMENTS (KOHA)
Source of classification or shelving scheme Dewey Decimal Classification
Koha item type Book Circulation
Classification part Circ.
Suppress in OPAC No
952 ## - LOCATION AND ITEM INFORMATION (KOHA)
--
952 ## - LOCATION AND ITEM INFORMATION (KOHA)
--
Holdings
Withdrawn status Lost status Source of classification or shelving scheme Damaged status Not for loan Home library Current library Shelving location Date acquired Cost, normal purchase price Total Checkouts Full call number Barcode Date last seen Copy number Price effective from Koha item type Uniform Resource Identifier
    Dewey Decimal Classification     College Library College Library Circulation 04/27/2026 0.00   Circ. 621.3819 D868d 2001 CL35974 04/27/2026 c1 04/27/2026 BK-CIRC
    Dewey Decimal Classification     College Library College Library Circulation 04/27/2026 0.00   Circ. 621.3819 D868d 2001 CL35973 04/27/2026 c2 04/27/2026 BK-CIRC